| 000 | 00509nam a22001697a 4500 | ||
|---|---|---|---|
| 999 |
_c8313 _d8313 |
||
| 008 | 201112b ||||| |||| 00| 0 eng d | ||
| 040 | _aBMS College of Architecture | ||
| 100 | _aThota, M Archana | ||
| 245 | _aBeyond research | ||
| 300 | _aNA | ||
| 500 | _a1BM15AT015 | ||
| 502 |
_8B,Arch _NBMS College of Architecture, Visvesvaraya Technological University (VTU) _aProject report _d2019 |
||
| 650 | _aresearch | ||
| 700 |
_aBhagyalaxmi M _eGuide |
||
| 700 |
_aNisha Mary Poulose _eGuide |
||
| 942 |
_2ddc _cTHE |
||